Analysis of labour turnover in JAS-ELMONT, s.r.o. bakalárska práca

Salvato in:
Dettagli Bibliografici
Autore principale: Kohutová, Mária
Ente Autore: Podnikovohospodárska fakulta EU so sídlom v Košiciach. Katedra manažmentu
Altri autori: Karabašová, Ľudmila, 1982-
Natura: Libro
Lingua:inglese
Pubblicazione: Košice 2009
Tags: Aggiungi Tag
Nessun Tag, puoi essere il primo ad aggiungerne!!

MARC

LEADER 00000nam$a2200000$$$4500
001 0106785
005 20240318114114.4
041 0 |a eng 
044 |a SK 
245 1 0 |a Analysis of labour turnover in JAS-ELMONT, s.r.o.  |b bakalárska práca  |c Mária Kohutová ; škol. Ľudmila Karabašová 
264 1 |a Košice  |c 2009 
300 |a 47 s. 
100 1 |a Kohutová, Mária 
700 1 |a Karabašová, Ľudmila, 1982- 
710 2 |a Podnikovohospodárska fakulta EU so sídlom v Košiciach. Katedra manažmentu